000 00530nam a2200181Ia 4500
003 GCL
008 140319s9999 xx 000 0 ara d
040 _aGCL /
_cGCL
082 0 4 _a229.7
_bع ت
100 1 _aعبدالمنعم قنديل
245 1 0 _aالتداوى بالقران /
_cعبدالمنعم قنديل
260 _a[S.N] :
_bمكتبة التراث الاسلامى ،
_c1987
300 _a159 ص
490 _a
650 0 4 _aالقران والطب
650 0 4 _aالقران - اعجاز
942 _2ddc
_cBK
999 _c53702
_d53702